02395nam a22003614a 4500001001200000003000800012006001900020007001500039008004100054010001700095020003800112020003500150040002100185035002100206043001200227050002300239082002000262100002400282245016000306250001200466260011100478300001600589504005100605505093000656533015201586650006101738655002901799700002301828700002201851710001701873856012601890999001702016ebr10288124CaPaEBRm u cr cn|||||||||071120s2008 nyu sb 001 0 eng  z 2007047859 z9781932603644 (pbk. : alk. paper) z1932603646 (pbk. : alk. paper) aCaPaEBRcCaPaEBR a(OCoLC)327854445 an-us---14aRC377b.R85 2008eb04a362.196/8342221 aRumrill, Phillip D.10aEmployment issues and multiple sclerosish[electronic resource] /cPhillip D. Rumrill Jr., Mary L. Hennessey, Steven W. Nissen ; with invited contributors. a2nd ed. aNew York :bDemos Health ;aBerkeley, Calif. :bDistributed to the trade by Publishers Group West,cc2008. axiv, 246 p. aIncludes bibliographical references and index.0 aOverview of multiple sclerosis / Mary L. Hennessey and Phillip D. Rumrill, Jr -- Factors associated with employment status / Phillip D. Rumrill, Jr. and Mary L. Hennessey -- Vocational assessment strategies / Richard T. Roessler -- Employment and career development interventions / Steven W. Nissen, Phillip D. Rumrill, Jr., and Mary L. Hennessey -- Employment and the Americans with Disabilities Act / Mary L. Hennessey and Phillip D. Rumrill, Jr -- Federal laws concerning continuation of benefits, health insurance portability, and family and medical leave / Kimberly Calder -- Social security disability benefits / Steven W. Nissen, Phillip D. Rumrill, Jr., and Mary L. Hennessey -- An employment perspective from the National Multiple Sclerosis Society / Steven W. Nissen -- Policy, programming, and research recommendations to improve the employment prospects of people with multiple sclerosis / Phillip D. Rumrill, Jr. aElectronic reproduction.bPalo Alto, Calif. :cebrary,d2013.nAvailable via World Wide Web.nAccess may be limited to ebrary affiliated libraries. 0aMultiple sclerosisxPatientsxEmploymentzUnited States. 7aElectronic books.2local1 aHennessey, Mary L.1 aNissen, Steven W.2 aebrary, Inc.40uhttp://site.ebrary.com/lib/rucke/Doc?id=10288124zAn electronic book accessible through the World Wide Web; click to view c15908d15908